[Event "CCT Chessable Masters Play-In 2025"]
[Site "Online"]
[Date "2025.02.17"]
[Round "7.37"]
[White "Mendonca, Leon Luke"]
[Black "Xu, Xiangyu"]
[Result "1/2-1/2"]
[WhiteElo "2641"]
[BlackElo "2623"]
[PlyCount "151"]
[EventDate "2025.02.13"]
[EventType "swiss"]
[EventCountry "NET"]

1. Nf3 d5 2. e3 Nf6 3. c4 e6 4. d4 Be7 5. Nbd2 O-O 6. b3 b6 7. Bb2 Bb7 8. Bd3 Nbd7 9. O-O a5 10. cxd5 exd5 11. a3 c5 12. a4 Re8 13. Rc1 Ne4 14. Qe2 Bf6 15. Rfd1 Rc8 16. Bb5 Nd6 17. Bd3 Ne4 18. Nf1 cxd4 19. Bxd4 Ndc5 20. Qb2 Bxd4 21. Nxd4 Nxd3 22. Rxd3 Rxc1 23. Qxc1 Qf6 24. Qb2 Ba6 25. Rd1 Rc8 26. Ng3 g6 27. Nxe4 dxe4 28. h3 Qd6 29. Rc1 Rc5 30. Rd1 Bd3 31. f4 Qc7 32. Kh1 h5 33. Rg1 Kh7 34. g4 Qe7 35. Qf2 Qf6 36. Qg3 Ba6 37. f5 h4 38. fxg6+ fxg6 39. Qb8 Bd3 40. Qb7+ Kg8 41. Qb8+ Kh7 42. Kh2 g5 43. Qb7+ Kg6 44. Nf5 Rc2+ 45. Kh1 Qb2 46. Qxb6+ Kf7 47. Qb7+ Kg6 48. Qb6+ Kf7 49. Qb7+ Kg6 50. Qb8 Be2 51. Qe8+ Kh7 52. Qe7+ Kg8 53. Qxg5+ Kf8 54. Qe7+ Kg8 55. Qe6+ Kf8 56. Qd6+ Kg8 57. Nxh4 Bf3+ 58. Nxf3 exf3 59. Rd1 Rc1 60. Qg6+ Kh8 61. Qh5+ Kg7 62. Qg5+ Kh8 63. Qd8+ Kg7 64. Qd7+ Kh8 65. Qe8+ Kg7 66. Qe7+ Kg8 67. Qe6+ Kg7 68. Qd7+ Kh8 69. Qd8+ Kg7 70. Qg5+ Kh8 71. Qh4+ Kg7 72. Qe7+ Kh8 73. Qe8+ Kh7 74. Qe7+ Kg8 75. Qe8+ Kg7 76. Qe7+ 1/2-1/2

[Event "CCT Chessable Masters Play-In 2025"]
[Site "Online"]
[Date "2025.02.17"]
[Round "7.38"]
[White "Sarana, Alexey"]
[Black "Narayanan, Srinath"]
[Result "1/2-1/2"]
[WhiteElo "2672"]
[BlackElo "2516"]
[PlyCount "187"]
[EventDate "2025.02.13"]
[EventType "swiss"]
[EventCountry "NET"]

1. d4 d5 2. c4 dxc4 3. Nf3 Nf6 4. e3 e6 5. Bxc4 Be7 6. O-O O-O 7. Nc3 c5 8. dxc5 Qxd1 9. Rxd1 Bxc5 10. Be2 b6 11. Ne5 Bb7 12. Nd3 Be7 13. f3 Nc6 14. e4 Rfd8 15. Bf1 Nd7 16. Be3 Nce5 17. Nxe5 Nxe5 18. Rac1 Rxd1 19. Rxd1 Rd8 20. Rxd8+ Bxd8 21. Nb5 Nc6 22. Nd6 Ba8 23. Bb5 Bf6 24. Nc8 Bb7 25. Nd6 Ba8 26. b3 Nb4 27. Nc8 a6 28. Nxb6 Bxe4 29. fxe4 axb5 30. a4 bxa4 31. bxa4 Na6 32. Kf2 Bc3 33. Ke2 f5 34. Kd3 Be5 35. h3 Kf7 36. Kc4 fxe4 37. Nd7 Bd6 38. Kb5 Nc7+ 39. Kc6 Nd5 40. Bd4 Ke7 41. Nc5 e3 42. Ne4 e2 43. Bf2 Bb4 44. Bh4+ Nf6 45. Nc5 g5 46. Bf2 e1=Q 47. Bxe1 Bxe1 48. Nb3 Nd5 49. a5 Bxa5 50. Nxa5 Nf4 51. g4 Nxh3 52. Nc4 Nf2 53. Ne5 Kf6 54. Nd7+ Kg7 55. Ne5 Nh3 56. Kd7 Nf4 57. Kd6 h5 58. gxh5 Kh6 59. Ng4+ Kxh5 60. Nf6+ Kh4 61. Ke5 Nh5 62. Ne4 Nf4 63. Nf6 Kg3 64. Ne4+ Kg4 65. Nf6+ Kf3 66. Nh7 g4 67. Ng5+ Ke3 68. Nf7 g3 69. Nd6 g2 70. Nc4+ Kf3 71. Nd2+ Ke2 72. Ne4 Nd3+ 73. Kxe6 g1=Q 74. Nf6 Qe3+ 75. Kf7 Nf4 76. Ng8 Qe6+ 77. Kf8 Nh5 78. Ne7 Qf6+ 79. Ke8 Ng7+ 80. Kd7 Qe6+ 81. Kd8 Nf5 82. Nc8 Qd5+ 83. Kc7 Nd4 84. Na7 Ne6+ 85. Kb6 Qc5+ 86. Kb7 Nd8+ 87. Kb8 Qd5 88. Kc8 Qb7+ 89. Kxd8 Qxa7 90. Ke8 Ke3 91. Kf8 Ke4 92. Kg8 Ke5 93. Kh8 Kf6 94. Kg8 1/2-1/2

[Event "CCT Chessable Masters Play-In 2025"]
[Site "Online"]
[Date "2025.02.17"]
[Round "7.39"]
[White "Dvirnyy, Danyyil"]
[Black "Paravyan, David"]
[Result "0-1"]
[WhiteElo "2488"]
[BlackElo "2621"]
[PlyCount "82"]
[EventDate "2025.02.13"]
[EventType "swiss"]
[EventCountry "NET"]

1. d4 d5 2. c4 dxc4 3. Nf3 Nf6 4. e3 e6 5. Bxc4 a6 6. O-O c5 7. e4 Nc6 8. e5 Nd7 9. Re1 cxd4 10. Bf4 b5 11. Bd3 Nc5 12. Be4 Nxe4 13. Rxe4 Bb7 14. Nbd2 Bc5 15. Rc1 Bb6 16. Bg3 Ne7 17. Rg4 Nf5 18. Ne4 h5 19. Rf4 Bxe4 20. Rxe4 g5 21. h4 d3 22. Kh2 Qd5 23. Nxg5 Bd8 24. Qf3 Bxg5 25. hxg5 h4 26. Bf4 h3 27. g3 Rd8 28. a4 Nd4 29. Qxd3 Nb3 30. Qf3 Nxc1 31. Bxc1 Qd3 32. Qxd3 Rxd3 33. axb5 axb5 34. Rb4 Rd5 35. Bf4 Kf8 36. g6 fxg6 37. Bg5 Rh5 38. Bf6 Rd2 39. g4 Rxf2+ 40. Kh1 Rh7 41. Rxb5 Rd7 0-1

[Event "CCT Chessable Masters Play-In 2025"]
[Site "Online"]
[Date "2025.02.17"]
[Round "7.40"]
[White "Onyshchuk, Volodymyr"]
[Black "Antipov, Mikhail Al."]
[Result "0-1"]
[WhiteElo "2610"]
[BlackElo "2571"]
[PlyCount "98"]
[EventDate "2025.02.13"]
[EventType "swiss"]
[EventCountry "NET"]

1. e4 c5 2. Nf3 Nc6 3. Bb5 Nf6 4. Nc3 Nd4 5. e5 Nxb5 6. Nxb5 Nd5 7. O-O a6 8. Nc3 Nc7 9. d4 cxd4 10. Qxd4 Ne6 11. Qh4 b6 12. Be3 Bb7 13. Rad1 Bxf3 14. gxf3 g6 15. Nd5 Rb8 16. f4 Ng7 17. Rd3 Nf5 18. Qh3 Bg7 19. Rfd1 O-O 20. Nc3 d6 21. Ne4 Qc8 22. exd6 exd6 23. c3 Qc4 24. Nxd6 Nxd6 25. Rxd6 Qxa2 26. R1d2 b5 27. f5 Rfe8 28. f6 Bf8 29. Rd7 b4 30. cxb4 Rxb4 31. Rd8 Qa1+ 32. Kg2 Qa4 33. Qd7 Rxd8 34. Qxa4 Rxd2 35. Qxa6 Rdxb2 36. Qc8 Rb8 37. Qd7 R2b5 38. h4 Rf5 39. Qc7 Re8 40. Qd7 Rfe5 41. Bd4 R5e6 42. Bc3 Bh6 43. h5 Bf4 44. hxg6 hxg6 45. Qb5 Be5 46. Bxe5 Rxe5 47. Qd7 Rg5+ 48. Kf1 Re6 49. Qc7 Rxf6 0-1

[Event "CCT Chessable Masters Play-In 2025"]
[Site "Online"]
[Date "2025.02.17"]
[Round "7.41"]
[White "Xiao, Tong"]
[Black "Suyarov, Mukhammadzokhid"]
[Result "0-1"]
[WhiteElo "2491"]
[BlackElo "2465"]
[PlyCount "118"]
[EventDate "2025.02.13"]
[EventType "swiss"]
[EventCountry "NET"]

1. Nf3 Nf6 2. g3 d5 3. c4 e6 4. Bg2 Be7 5. O-O O-O 6. d4 dxc4 7. Qc2 a6 8. a4 Bd7 9. Qxc4 Bc6 10. Bf4 Nbd7 11. Nc3 Bd6 12. Qd3 Qe7 13. Bxd6 cxd6 14. e4 d5 15. e5 Ne4 16. h4 Rfc8 17. Rfe1 Nb6 18. a5 Nxc3 19. Qxc3 Bb5 20. Qb3 Nc4 21. Ng5 Rc6 22. Red1 Rac8 23. Qa2 b6 24. axb6 Nxb6 25. Qb1 g6 26. b3 Qb4 27. h5 Be2 28. hxg6 hxg6 29. Re1 Rc2 30. Nxe6 Bb5 31. Qd1 fxe6 32. Qg4 Kf7 33. Re3 R8c3 34. Rae1 Bd3 35. Qh3 Bf5 36. g4 Be4 37. Qh7+ Ke8 38. Bxe4 dxe4 39. Qxg6+ Kd7 40. Qxe4 Nd5 41. Rxc3 Rxc3 42. Ra1 a5 43. Qh7+ Ne7 44. Qe4 Rxb3 45. Kg2 Rb2 46. Qa8 Qxd4 47. Qf3 Nd5 48. Qf7+ Kc6 49. Qxe6+ Kc5 50. Rxa5+ Kb4 51. Qd6+ Kxa5 52. Qa3+ Kb5 53. Qg3 Ne3+ 54. Kh3 Nc4 55. g5 Qxe5 56. f4 Qe1 57. Kh4 Qxg3+ 58. Kxg3 Rb3+ 59. Kg4 Nd6 0-1

[Event "CCT Chessable Masters Play-In 2025"]
[Site "Online"]
[Date "2025.02.17"]
[Round "7.42"]
[White "Bologan, Victor"]
[Black "Indjic, Aleksandar"]
[Result "1-0"]
[WhiteElo "2603"]
[BlackElo "2650"]
[PlyCount "55"]
[EventDate "2025.02.13"]
[EventType "swiss"]
[EventCountry "NET"]

1. e4 e5 2. Nf3 Nc6 3. Bc4 Nf6 4. d3 h6 5. c3 d6 6. Nbd2 g5 7. Nf1 Be6 8. Bxe6 fxe6 9. b4 Qd7 10. h3 Ne7 11. h4 g4 12. N3h2 Rg8 13. Ng3 a5 14. a4 axb4 15. cxb4 Nc6 16. Bd2 d5 17. b5 Nd4 18. O-O Qh7 19. Re1 Rd8 20. a5 Nxb5 21. a6 bxa6 22. Rxa6 Kf7 23. Qa4 Nd4 24. Be3 dxe4 25. Qc4 Bd6 26. dxe4 c5 27. Bxd4 cxd4 28. Nf5 1-0

[Event "CCT Chessable Masters Play-In 2025"]
[Site "Online"]
[Date "2025.02.17"]
[Round "7.43"]
[White "Pranav Anand"]
[Black "Shimanov, Aleksandr"]
[Result "1-0"]
[WhiteElo "2538"]
[BlackElo "2593"]
[PlyCount "37"]
[EventDate "2025.02.13"]
[EventType "swiss"]
[EventCountry "NET"]

1. e4 e6 2. d4 d5 3. Nc3 Nf6 4. e5 Nfd7 5. f4 c5 6. Nf3 Nc6 7. Be3 cxd4 8. Nxd4 Bb4 9. Be2 Nc5 10. O-O Bxc3 11. Nxc6 bxc6 12. Bxc5 Ba5 13. Kh1 Bb6 14. Bd6 Bc7 15. Ba3 Bb6 16. c4 f5 17. exf6 Qxf6 18. f5 Bc7 19. Bh5+ 1-0

[Event "CCT Chessable Masters Play-In 2025"]
[Site "Online"]
[Date "2025.02.17"]
[Round "7.44"]
[White "Aryan Chopra"]
[Black "Zhu, Jiner"]
[Result "1-0"]
[WhiteElo "2620"]
[BlackElo "2514"]
[PlyCount "127"]
[EventDate "2025.02.13"]
[EventType "swiss"]
[EventCountry "NET"]

1. Nf3 Nf6 2. g3 g6 3. b4 Bg7 4. Bb2 d5 5. Bg2 O-O 6. O-O a5 7. b5 c5 8. bxc6 bxc6 9. d3 Nbd7 10. Nbd2 Re8 11. e4 e5 12. Re1 d4 13. Ba3 Ba6 14. Rb1 Bf8 15. Bxf8 Kxf8 16. Ng5 h6 17. Nh3 Nc5 18. f4 Bc8 19. fxe5 Ng4 20. Nc4 Nxe5 21. Nxe5 Rxe5 22. Rf1 Bxh3 23. Bxh3 Kg7 24. Qd2 Qg5 25. Qf2 Qe7 26. Qxd4 Rd8 27. Qa1 Kg8 28. d4 Rxe4 29. dxc5 Qxc5+ 30. Rf2 Re2 31. Qf6 Qxf2+ 32. Qxf2 Rxf2 33. Kxf2 Rd2+ 34. Kg1 Rxc2 35. Ra1 Kg7 36. a4 f5 37. Bf1 Kf6 38. Re1 Ra2 39. Rc1 Rxa4 40. Rxc6+ Kg7 41. Ra6 Ra1 42. Kf2 a4 43. h4 Ra2+ 44. Ke3 Ra3+ 45. Bd3 Ra1 46. Bc4 Ra3+ 47. Kf2 g5 48. h5 f4 49. gxf4 gxf4 50. Be2 Kh7 51. Ra7+ Kh8 52. Rf7 Rh3 53. Rxf4 a3 54. Ra4 Kg7 55. Bf3 Rh2+ 56. Kg3 Ra2 57. Ra7+ Kf8 58. Kf4 Ra1 59. Bd5 Rf1+ 60. Ke5 Rg1 61. Rxa3 Rg5+ 62. Kf6 Ke8 63. Be6 Kd8 64. Rc3 1-0

[Event "CCT Chessable Masters Play-In 2025"]
[Site "Online"]
[Date "2025.02.17"]
[Round "7.45"]
[White "Bharath Subramaniyam H"]
[Black "Kobalia, Mikhail"]
[Result "1-0"]
[WhiteElo "2567"]
[BlackElo "2538"]
[PlyCount "105"]
[EventDate "2025.02.13"]
[EventType "swiss"]
[EventCountry "NET"]

1. e4 e5 2. Nf3 Nc6 3. Bc4 Nf6 4. d3 Be7 5. O-O O-O 6. a4 d6 7. a5 Be6 8. Nc3 d5 9. Bb5 dxe4 10. Bxc6 exf3 11. Bxf3 Nd5 12. a6 b6 13. Bd2 c6 14. Re1 Qc7 15. Qe2 Bd6 16. Ne4 Be7 17. Ng3 Bd6 18. Nh5 Rae8 19. c4 Ne7 20. Bc3 Ng6 21. Qe4 Bd7 22. g3 f5 23. Qe2 Bc5 24. b4 Bd4 25. Bxd4 exd4 26. Qd2 Ne5 27. Bg2 Qd6 28. Re2 Ng6 29. Rae1 Rxe2 30. Rxe2 f4 31. Nxf4 Nxf4 32. gxf4 Qxf4 33. Qxf4 Rxf4 34. Re7 Rf7 35. Re4 Kf8 36. Rxd4 Ke7 37. Kf1 Rf6 38. Ke2 c5 39. Re4+ Kd6 40. b5 Bf5 41. Re3 Rh6 42. h3 Bd7 43. Rg3 g6 44. Rf3 Ke7 45. Ke3 Rh4 46. Rf4 Rxf4 47. Kxf4 Kf6 48. d4 g5+ 49. Ke3 cxd4+ 50. Kxd4 Ke7 51. c5 bxc5+ 52. Kxc5 Bc8 53. Bb7 1-0

[Event "CCT Chessable Masters Play-In 2025"]
[Site "Online"]
[Date "2025.02.17"]
[Round "7.47"]
[White "Smirnov, Pavel"]
[Black "Keymer, Vincent"]
[Result "1-0"]
[WhiteElo "2476"]
[BlackElo "2731"]
[PlyCount "67"]
[EventDate "2025.02.13"]
[EventType "swiss"]
[EventCountry "NET"]

1. d4 Nf6 2. c4 e6 3. Nf3 h6 4. g3 Bb4+ 5. Bd2 Qe7 6. Bg2 O-O 7. O-O a5 8. Nc3 d6 9. Qc2 Nc6 10. a3 Bxc3 11. Bxc3 a4 12. e4 e5 13. d5 Nb8 14. c5 Bd7 15. Nd2 Bb5 16. Rfe1 dxc5 17. f4 exf4 18. e5 Nh5 19. Qd1 g6 20. g4 Ng7 21. Ne4 Qh4 22. Nf6+ Kh8 23. Re4 Nd7 24. Be1 Nxf6 25. Bxh4 Nxe4 26. Bxe4 g5 27. Be1 Rfd8 28. Bc3 Bc4 29. Rc1 Kg8 30. Qf3 Bb3 31. h4 gxh4 32. e6 fxe6 33. Qxf4 exd5 34. Qxh6 1-0

[Event "CCT Chessable Masters Play-In 2025"]
[Site "Online"]
[Date "2025.02.17"]
[Round "7.48"]
[White "Donchenko, Alexander"]
[Black "Ding, Liren"]
[Result "1/2-1/2"]
[WhiteElo "2632"]
[BlackElo "2734"]
[PlyCount "99"]
[EventDate "2025.02.13"]
[EventType "swiss"]
[EventCountry "NET"]

1. Nf3 Nf6 2. c4 e6 3. Nc3 d5 4. e3 b6 5. cxd5 exd5 6. b4 Bd6 7. b5 O-O 8. Qb3 Bb7 9. a4 a6 10. d4 axb5 11. Nxb5 Be7 12. Bd3 c5 13. Qb1 Nc6 14. O-O Nb4 15. Be2 Ne4 16. Ne5 Bf6 17. Nd3 Nxd3 18. Bxd3 Bc6 19. Ra3 Qe7 20. Rd1 Rfd8 21. Bb2 cxd4 22. Nxd4 Bxd4 23. exd4 Rxa4 24. Rxa4 Bxa4 25. Re1 Qb4 26. Qa1 h6 27. h3 Rc8 28. Ba3 Qc3 29. Qxc3 Rxc3 30. Bxe4 dxe4 31. Re3 Rd3 32. Rxd3 exd3 33. Bb4 f5 34. g3 Kf7 35. Kf1 Ke6 36. Ke1 Kd5 37. Bf8 g6 38. Bxh6 Kxd4 39. Kd2 b5 40. g4 b4 41. Bf8 Kc4 42. gxf5 gxf5 43. h4 Be8 44. f4 Bh5 45. Be7 Be2 46. Bf8 Kb3 47. h5 Bxh5 48. Kxd3 Ka4 49. Kc2 b3+ 50. Kb2 1/2-1/2

[Event "CCT Chessable Masters Play-In 2025"]
[Site "Online"]
[Date "2025.02.17"]
[Round "7.49"]
[White "Robson, Ray"]
[Black "Aditya Mittal"]
[Result "1-0"]
[WhiteElo "2689"]
[BlackElo "2550"]
[PlyCount "61"]
[EventDate "2025.02.13"]
[EventType "swiss"]
[EventCountry "NET"]

1. d4 d5 2. c4 e6 3. Nc3 Nf6 4. cxd5 exd5 5. Bg5 c6 6. Qc2 g6 7. f3 h6 8. Bh4 Bg7 9. e4 dxe4 10. fxe4 Qxd4 11. Nf3 Qb4 12. a3 Qe7 13. O-O-O g5 14. Bg3 Ng4 15. Nd5 cxd5 16. Qxc8+ Qd8 17. Qxg4 Qb6 18. e5 Nd7 19. Kb1 Nc5 20. Rxd5 O-O 21. Rd6 Qc7 22. Bc4 Rad8 23. Rhd1 Rxd6 24. exd6 Qb6 25. Be5 Bxe5 26. Nxe5 Na4 27. Bxf7+ Rxf7 28. Qxa4 Rf2 29. Qc4+ Kg7 30. Qc7+ Qxc7 31. dxc7 1-0

[Event "CCT Chessable Masters Play-In 2025"]
[Site "Online"]
[Date "2025.02.17"]
[Round "7.50"]
[White "Rustemov, Alexander"]
[Black "Gokerkan, Cem Kaan"]
[Result "1/2-1/2"]
[WhiteElo "2525"]
[BlackElo "2473"]
[PlyCount "159"]
[EventDate "2025.02.13"]
[EventType "swiss"]
[EventCountry "NET"]

1. d4 Nf6 2. c4 e6 3. Nf3 b6 4. Bf4 Bb7 5. e3 d5 6. Nc3 Nbd7 7. Bd3 dxc4 8. Bxc4 Bd6 9. Bxd6 cxd6 10. O-O Rc8 11. Qe2 O-O 12. Ba6 Qc7 13. Rfc1 Nb8 14. Bd3 a6 15. Rc2 Qe7 16. Rac1 b5 17. a3 Nbd7 18. Nd2 e5 19. dxe5 dxe5 20. Nce4 Rxc2 21. Rxc2 Rc8 22. Qd1 g6 23. Rxc8+ Bxc8 24. Qc2 Bb7 25. Qc7 Bxe4 26. Nxe4 Nxe4 27. Bxe4 Qc5 28. Qxc5 Nxc5 29. Bc2 a5 30. b4 axb4 31. axb4 Na6 32. Bd3 Nxb4 33. Bxb5 Kg7 34. g3 f5 35. Kf1 Kf6 36. Ke2 Nd5 37. Bc4 Nc3+ 38. Kd2 Ne4+ 39. Ke2 Nc3+ 40. Kd2 Ne4+ 41. Ke2 Nd6 42. Bd3 h6 43. f4 g5 44. Kd2 Nb7 45. Kc3 Nc5 46. fxe5+ Kxe5 47. Bc2 Ne4+ 48. Kd3 g4 49. Ke2 Ng5 50. Kf2 Nf3 51. h3 Ng5 52. hxg4 fxg4 53. Kg2 Ne4 54. Ba4 Nf6 55. Bc6 Kd6 56. Bb7 Kc5 57. Kf2 Kc4 58. Bc8 Kd3 59. Bf5+ Kc4 60. Ke2 Kd5 61. Kf2 Ke5 62. Bc8 Ne4+ 63. Kg2 h5 64. Bd7 Nf6 65. Bc6 Kd6 66. Bb5 Kd5 67. Bd3 Ne4 68. Bb1 Ke5 69. Ba2 Nf6 70. Bf7 Ke4 71. Kf2 Kd3 72. Bg6+ Kc3 73. Ke2 Kc4 74. Kd2 Kd5 75. Ke2 Ke5 76. Kf2 Kd5 77. Kg2 Ke5 78. Kf2 Kd5 79. Kg2 Ke5 80. Kf2 1/2-1/2

[Event "CCT Chessable Masters Play-In 2025"]
[Site "Online"]
[Date "2025.02.17"]
[Round "7.51"]
[White "Eljanov, Pavel"]
[Black "Pakleza, Zbigniew"]
[Result "1-0"]
[WhiteElo "2658"]
[BlackElo "2485"]
[PlyCount "63"]
[EventDate "2025.02.13"]
[EventType "swiss"]
[EventCountry "NET"]

1. d4 d5 2. Nf3 Nf6 3. Bf4 c6 4. e3 Qb6 5. Qc1 Bf5 6. c4 e6 7. Nc3 Be7 8. h3 h6 9. c5 Qd8 10. b4 a6 11. a4 O-O 12. Be2 Nbd7 13. O-O Ne4 14. b5 Bf6 15. bxc6 bxc6 16. Nxe4 Bxe4 17. Bd6 Bxf3 18. Bxf3 Re8 19. Rb1 e5 20. Qd2 exd4 21. exd4 Nf8 22. Rb6 Ne6 23. Rxc6 Nxd4 24. Bxd5 Rb8 25. Rc7 Rb2 26. Bxf7+ Kh8 27. Qd3 Rf8 28. Bc4 Ne2+ 29. Kh1 Bd4 30. Qg6 Nf4 31. Bxf4 Rxf4 32. Bd3 1-0

[Event "CCT Chessable Masters Play-In 2025"]
[Site "Online"]
[Date "2025.02.17"]
[Round "7.52"]
[White "Van Wely, Loek"]
[Black "Ter-Sahakyan, Samvel"]
[Result "1-0"]
[WhiteElo "2466"]
[BlackElo "2611"]
[PlyCount "139"]
[EventDate "2025.02.13"]
[EventType "swiss"]
[EventCountry "NET"]

1. d4 Nf6 2. c4 e6 3. Nf3 d5 4. g3 Bb4+ 5. Nbd2 O-O 6. Qc2 dxc4 7. Qxc4 a5 8. Bg2 b6 9. a3 Be7 10. O-O Ba6 11. Qc2 Bxe2 12. Re1 Ba6 13. Ne5 Ra7 14. Ndf3 Bb7 15. Bg5 Bd5 16. Rac1 h6 17. Bf4 c5 18. dxc5 Bxc5 19. h4 Nbd7 20. g4 Nxe5 21. Nxe5 Bxg2 22. Kxg2 Nd5 23. Bg3 Qa8 24. Kh2 f5 25. gxf5 Rxf5 26. Nd3 Nf6 27. Rxe6 Qf3 28. Nxc5 Rxc5 29. Qd1 Qf5 30. Qb3 Kh7 31. Rxc5 bxc5 32. Re2 Rf7 33. Qc2 Nd5 34. Qxf5+ Rxf5 35. Re4 Nb6 36. Kg2 c4 37. Re5 Kg6 38. Re6+ Rf6 39. Rxf6+ gxf6 40. Bc7 Na4 41. Bxa5 Nxb2 42. Kf3 Kf5 43. Bc3 Na4 44. Bd4 h5 45. Ke3 Ke6 46. Ke4 f5+ 47. Kf4 Kd5 48. Bg7 Ke6 49. Ke3 Kd5 50. f3 Nc5 51. Bc3 Ne6 52. a4 f4+ 53. Kd2 Kc5 54. Kc2 Nc7 55. Bd2 Nd5 56. Kb2 Kb6 57. Ka3 Kc5 58. Kb2 Kd4 59. Kc2 c3 60. Bc1 Kc4 61. a5 Ne3+ 62. Kb1 Nd5 63. a6 Kb3 64. a7 c2+ 65. Ka1 Nb6 66. Bxf4 Kc3 67. Ka2 Kd3 68. Bc1 Kc3 69. f4 Kd3 70. Kb3 1-0

[Event "CCT Chessable Masters Play-In 2025"]
[Site "Online"]
[Date "2025.02.17"]
[Round "7.53"]
[White "Matinian, Nikita"]
[Black "Demchenko, Anton"]
[Result "0-1"]
[WhiteElo "2415"]
[BlackElo "2619"]
[PlyCount "106"]
[EventDate "2025.02.13"]
[EventType "swiss"]
[EventCountry "NET"]

1. e4 e5 2. Nf3 Nc6 3. Bb5 a6 4. Ba4 Nge7 5. c3 Ng6 6. d4 exd4 7. Nxd4 Bc5 8. Be3 Nce5 9. Nd2 Nd3+ 10. Kf1 Nxb2 11. Qb3 Nxa4 12. Qxa4 O-O 13. h4 Ne5 14. h5 Ng4 15. Re1 d6 16. h6 g6 17. Qd1 Bd7 18. Kg1 Qe7 19. Nc2 Nxe3 20. Nxe3 Qf6 21. Nf3 Be6 22. Nd5 Bxd5 23. Qxd5 Qxc3 24. Qxb7 Rab8 25. Qxa6 Rb2 26. Rf1 Qc2 27. Rh3 Bxf2+ 28. Kh2 Rxa2 29. Qb7 Qe2 30. Qd5 Bb6 31. Rg3 Ra5 32. Qd1 Qxe4 33. Rh3 Rfa8 34. Re1 Qf4+ 35. Kh1 Ra2 36. Qb1 Kf8 37. Re4 Ra1 38. Rxf4 Rxb1+ 39. Kh2 Rb5 40. Nd2 Rf5 41. Rg4 Re8 42. Ne4 f6 43. Ng3 Rfe5 44. Rf4 Kf7 45. Nf1 f5 46. g4 Re2+ 47. Kh1 R8e4 48. Rxe4 fxe4 49. g5 Rf2 50. Ng3 d5 51. Rh4 Ke6 52. Kg1 Rf4+ 53. Kg2 Rxh4 0-1

[Event "CCT Chessable Masters Play-In 2025"]
[Site "Online"]
[Date "2025.02.17"]
[Round "7.54"]
[White "Vaishali, Rameshbabu"]
[Black "Banusz, Tamas"]
[Result "0-1"]
[WhiteElo "2476"]
[BlackElo "2582"]
[PlyCount "172"]
[EventDate "2025.02.13"]
[EventType "swiss"]
[EventCountry "NET"]

1. e4 c5 2. Nc3 Nc6 3. Nf3 Nf6 4. Bb5 Qc7 5. Bxc6 dxc6 6. d3 e5 7. h3 h6 8. a4 a5 9. Be3 Be6 10. Nd2 Be7 11. b3 Nd7 12. O-O g5 13. Nc4 h5 14. Kh2 g4 15. f4 gxf3 16. Qxf3 O-O-O 17. Ne2 h4 18. Bd2 b6 19. Kh1 Rdg8 20. Ne3 Bg5 21. Bc3 Bxe3 22. Qxe3 Rg6 23. Rf2 Rhg8 24. Raf1 Qd8 25. Bd2 R8g7 26. Ng1 Qg8 27. Qe2 Rg3 28. Nf3 Qh7 29. Nh2 Qg6 30. Nf3 Qh5 31. Nd4 Qxe2 32. Nxe2 R3g6 33. Bc3 f6 34. Ng1 Kd8 35. Nf3 Rh7 36. Re2 Ke7 37. Be1 Rgh6 38. Kh2 Nf8 39. Bd2 Rg6 40. Be1 Rgh6 41. Bd2 Rh5 42. Be1 Ng6 43. Bd2 Rh8 44. Ref2 R5h7 45. Be3 Rf7 46. Nd2 Nf8 47. Rf3 Rg8 48. R1f2 Nd7 49. Nf1 Rfg7 50. Bd2 Rg6 51. Ne3 Nf8 52. Be1 Rh8 53. Rf1 Rh5 54. Kh1 Nd7 55. Kh2 Rg8 56. Kh1 Rg6 57. Kh2 Nb8 58. Nf5+ Bxf5 59. Rxf5 Rh7 60. g4 hxg3+ 61. Bxg3 Nd7 62. h4 Nf8 63. Kh3 Ne6 64. R1f2 Ng7 65. R5f3 Nh5 66. Bh2 Ke6 67. Re3 Rhg7 68. Ref3 Rf7 69. Rf5 Ng7 70. Bxe5 Rh6 71. Bf4 Rh8 72. Be3 Nxf5 73. Rxf5 Rg8 74. h5 Rfg7 75. Rf3 Rg2 76. Bf2 R2g5 77. Bh4 Rxh5 78. Rxf6+ Ke5 79. Rf2 Rgh8 80. Kg4 Rxh4+ 81. Kg5 R4h5+ 82. Kg6 R8h6+ 83. Kg7 Rd6 84. Kf7 Rh7+ 85. Ke8 Rg6 86. Rf8 Kd4 0-1

[Event "CCT Chessable Masters Play-In 2025"]
[Site "Online"]
[Date "2025.02.17"]
[Round "7.55"]
[White "Madaminov, Mukhiddin"]
[Black "Batsuren, Dambasuren"]
[Result "1-0"]
[WhiteElo "2521"]
[BlackElo "2537"]
[PlyCount "29"]
[EventDate "2025.02.13"]
[EventType "swiss"]
[EventCountry "NET"]

1. e4 c6 2. Nf3 d5 3. Nc3 g6 4. d4 dxe4 5. Nxe4 Bg7 6. h3 Nf6 7. Nxf6+ exf6 8. Bd3 O-O 9. O-O Be6 10. Re1 Nd7 11. Bf4 Nb6 12. c3 Re8 13. a4 a5 14. Bg3 Nc4 15. Rxe6 1-0

[Event "CCT Chessable Masters Play-In 2025"]
[Site "Online"]
[Date "2025.02.17"]
[Round "7.56"]
[White "Harikrishna, Pentala"]
[Black "Sokolovsky, Yahli"]
[Result "1-0"]
[WhiteElo "2695"]
[BlackElo "2552"]
[PlyCount "79"]
[EventDate "2025.02.13"]
[EventType "swiss"]
[EventCountry "NET"]

1. d4 d6 2. e4 g6 3. Nc3 Bg7 4. Be3 a6 5. h4 h6 6. Nf3 Bg4 7. Be2 Nc6 8. Qd2 e5 9. d5 Bxf3 10. dxc6 Bxe2 11. cxb7 Rb8 12. Qxe2 Rxb7 13. Qxa6 Rxb2 14. O-O Nf6 15. Qa4+ Qd7 16. Qa8+ Ke7 17. Qa3 Rhb8 18. Rac1 Qg4 19. f3 Qxh4 20. Qa5 R8b7 21. Rb1 Rxb1 22. Rxb1 Rxb1+ 23. Nxb1 Nd7 24. Qd2 f5 25. Nc3 c6 26. a4 fxe4 27. Nxe4 d5 28. Qb4+ c5 29. Bxc5+ Ke6 30. Bf2 Qe7 31. Qb3 Qd8 32. Nc3 Qa5 33. Nb5 Bf8 34. c4 Bc5 35. cxd5+ Kf6 36. Nc3 Bxf2+ 37. Kxf2 Nc5 38. Qc4 Qb6 39. Kg3 Qc7 40. Qxc5 1-0

[Event "CCT Chessable Masters Play-In 2025"]
[Site "Online"]
[Date "2025.02.17"]
[Round "7.57"]
[White "Dai, Changren"]
[Black "Dominguez Perez, Leinier"]
[Result "0-1"]
[WhiteElo "2527"]
[BlackElo "2594"]
[PlyCount "168"]
[EventDate "2025.02.13"]
[EventType "swiss"]
[EventCountry "NET"]

1. d4 d5 2. c4 dxc4 3. Nf3 Nf6 4. e3 e6 5. Bxc4 c5 6. O-O Be7 7. b3 O-O 8. Bb2 b6 9. dxc5 Bxc5 10. a3 Bb7 11. b4 Qxd1 12. Rxd1 Be7 13. Nbd2 Nc6 14. Rac1 Rfd8 15. Nd4 Nxd4 16. Bxd4 Nd5 17. Nf3 Rac8 18. Be2 f6 19. Kf1 Kf7 20. Bb2 e5 21. Ke1 Rxc1 22. Rxc1 Rc8 23. Bc4 Kf8 24. Nd2 a6 25. e4 Nc7 26. f3 Ne8 27. Bd3 Rxc1+ 28. Bxc1 Nd6 29. Nc4 Nxc4 30. Bxc4 Bc8 31. Be3 b5 32. Bd5 Bd6 33. Kd2 g5 34. Kc3 h5 35. g3 h4 36. gxh4 gxh4 37. Bf2 h3 38. Be3 Kg7 39. Kd3 Kg6 40. Bf2 Bc7 41. Bc5 f5 42. Ke3 Bd8 43. exf5+ Kxf5 44. Be4+ Kf6 45. Kf2 Kg5 46. Be3+ Kh5 47. Ke2 Be7 48. Kf2 Bf6 49. Ke2 Bh4 50. Bf2 Bg5 51. Be3 Bf6 52. Bf2 Bd8 53. Bg3 Bf6 54. Bf2 Kh6 55. Be3+ Kg7 56. Kf2 Bh4+ 57. Ke2 Kf7 58. Bf2 Bf6 59. Bd5+ Ke7 60. Bc5+ Kd7 61. Kf2 Bh4+ 62. Ke3 Bg5+ 63. Ke4 Bf4 64. Bg1 Kc7 65. Ba8 Be6 66. Bd5 Bd7 67. Ba8 Kd6 68. Bd5 Bc8 69. Ba8 Bd7 70. Bb7 Bc6+ 71. Bxc6 Kxc6 72. Kf5 Kd5 73. Kg4 Bc1 74. Bb6 Bxa3 75. Ba5 Kc4 76. Kxh3 Bxb4 77. Bxb4 Kxb4 78. Kg4 a5 79. h4 a4 80. h5 a3 81. h6 a2 82. h7 a1=Q 83. h8=Q Qd4+ 84. Kg3 Qg1+ 0-1

[Event "CCT Chessable Masters Play-In 2025"]
[Site "Online"]
[Date "2025.02.17"]
[Round "7.58"]
[White "Naroditsky, Daniel"]
[Black "Guliyev, Namig"]
[Result "1-0"]
[WhiteElo "2619"]
[BlackElo "2486"]
[PlyCount "97"]
[EventDate "2025.02.13"]
[EventType "swiss"]
[EventCountry "NET"]

1. e4 e5 2. Nf3 Nf6 3. d4 Nxe4 4. Bd3 d5 5. dxe5 Nc5 6. Be2 Be7 7. O-O Bg4 8. Nd4 Bxe2 9. Qxe2 Ne6 10. Nf5 c5 11. Rd1 Nc6 12. Nc3 d4 13. Ne4 O-O 14. Ned6 Bxd6 15. Nxd6 f6 16. Nxb7 Qd7 17. Nd6 Nxe5 18. Ne4 Qd5 19. f4 Nc6 20. c4 Qd7 21. f5 Nc7 22. Bf4 Na6 23. Nd6 Kh8 24. Rd3 Ne5 25. Rh3 Qxd6 26. Qh5 Kg8 27. Qxh7+ Kf7 28. Rg3 Rg8 29. Bh6 Qf8 30. Re1 Re8 31. Qg6+ Ke7 32. Rxe5+ fxe5 33. f6+ Kd7 34. f7 Nc7 35. Qf5+ Ne6 36. Bxg7 Qe7 37. fxg8=Q Rxg8 38. Bf6 Qf7 39. Rxg8 Qxg8 40. Qxe5 Qg4 41. h3 Qf4 42. Qd5+ Qd6 43. Be5 Qxd5 44. cxd5 Ng5 45. Kf2 d3 46. Ke3 c4 47. b3 cxb3 48. axb3 Ne4 49. Kxd3 1-0